000 00604nam a2200181Ia 4500
003 GCL
008 140319s9999 xx 000 0 eng d
040 _aGCL /
_cGCL
082 0 4 _aCC
_b932.014
_bP G
100 1 _aDESROCHES - NEBLECOURT, CHRISTIANE
245 1 0 _aLE GRAND PHARAON RAMSES ET SON TEMPS: EXPOSITION D'ANTIQUITES DU MUSEE EGYPTIEN DU CAIRE PALAIS DE LA CIVILISATION /
_cDESROCHES - NEBLECOURT, CHRISTIANE
260 _a[S.N] :
_bBIBLIOTHEQUE NATIONALE DU QUEBEC ،
_c1985
300 _a67 P
650 0 4 _aEGYPTOLOGY
650 0 4 _aRAMSES II
650 0 4 _aEGYPT, MUSEUMS
942 _2ddc
_cBK
999 _c19549
_d19549